000 00690nam a2200181Ia 4500
005 20250508154039.0
008 008 250505s9999 xx 000 0 eng d
037 _aBooks to be hide in OPAC
040 _aFEDL
_beng
_cFEDL
041 _aeng
_2eng
084 _a378.42, ROB/O
_qFEDL
245 0 _aHigher education: Appendix five to the report of the committee appointed by the Prime Minister under the chairmanship of Lord Robbins 1961-63 higher education in other countries
245 0 _cCommittee On Higher Education
260 _aLondon, UK
_bHer Majesty's Stationery Office
_c1964
300 _axiii,306p.
942 _cHB
_h378.42, ROB/O
999 _c1347267
_d1347267